LEADER 01298nam a2200229 i 4500 001 000000248755 003 CaOOAMICUS 005 20160411000000.0 008 160411s1823 it u000 u lat u 013 $a227660 026 $ai.us t.ce o-r- l*fe (3) 1823 (R) [*= ae] 040 $aSeMil$bita 245 10$aTomus primus complectens omnia Gauanti commentaria in rubricas missalis romani. 300 $axxiv, 384 p. 500 $aSegn. : A8 b4 A-2A8. 500 $aMarca editoriale: Aquila bicipite con una corona tra le due teste. In una cornice vegetale (Repertorio consultato: Marte, BNC Roma). 773 0 $aGavanti, Bartolomeo <1569-1638>$tThesaurus sacrorum rituum auctore rev. patre D. Bartholomaeo Gavanto ... cum novis obseruationibus, et additionibus R.P.D. Cajetani-Mariae Merati ... Tomus 1. [-3.].$bEditio novissima, ceteris omnibus correctior, et locupletior; cui, praeter quadringenta circiter alia Decreta, ... editam a Merato ...$dVenetiis : Ex Typographia Balleoniana, 1823.$g1$w()33112 850 $aSeMil 852 $aSeMil$W1$xVenegono$y1$m3K V 59 FA$j199101$B199101$CSeMilBibl$Z2$F210480 $8I 941 1 $a10 961 $aRecupero: Mantegazza 996 $6245$aTomus primus complectens omnia Gauanti commentaria in rubricas missalis romani$9(OLS)http://semarc/title/350976 LEADER 01027nam a2200241 i 4500 001 000000207349 003 CaOOAMICUS 005 20160301000000.0 008 160301s1957 it u000 u ita u 013 $a186127 040 $aSeMil$bita 100 1 $aBarsotti, Divo,$c.$0(OLS)http://semarc/name/15111 245 13$aLa via del ritorno :$britiri mensili /$cD. Divo Barsotti. 260 $aFirenze :$bLibreria Editrice Fiorentina,$cstampa 1957. 300 $a269 p. ;$c18 cm. 490 0 $aDocumenti di vita spirituale ;$v5 650 4$aVita spirituale - Meditazioni.$0(OLS)http://semarc/subject/4798 830 0$aDocumenti di vita spirituale ;$v5.$0(OLS)http://semarc/title/14825 850 $aSeMil 852 $aSeMil$W1$xVenegono$y1$m3F I 413$j157812$B157812$CSeMilBibl$Z2$F210359 $81 961 $aOmaggio: Altro 996 $6245$aLa via del ritorno :$britiri mensili$9(OLS)http://semarc/title/299913 996 $6260$aFirenze :$bLibreria Editrice Fiorentina$9(OLS)http://semarc/publisher/30629